Normal view
MARC view
- Shahidullah, Shahid M.,
Entry Personal Name
001 - CONTROL NUMBER
- control field: 128537
003 - CONTROL NUMBER IDENTIFIER
- control field: NUST
005 - DATE AND TIME OF LATEST TRANSACTION
- control field: 20250327120549.0
008 - FIXED-LENGTH DATA ELEMENTS
- fixed length control field: 250327|| aca||aabn | a|a d
040 ## - CATALOGING SOURCE
- Original cataloging agency: NUST
- Transcribing agency: NUST
100 ## - HEADING--PERSONAL NAME
- Personal name: Shahidullah, Shahid M.,
- Dates associated with a name: 1950-
670 ## - SOURCE DATA FOUND
- Source citation: Work cat.: (NUST)0: Shahidullah, Shahid M., 1950-, Comparative criminal justice systems :, 2014.
